000 00693nam a2200217 a 4500
001 000010489
005 20240412074219.0
008 091007t1983 xxu 000 p spa d
020 _a0899221858
040 _aDO-SdBNP
_bspa
_cBNPHU
082 _aRD861.44
_bL817p
100 1 _aLockward, Jorge Alfonso,
_d1937-2001.
_925490
245 1 0 _aPoemas de Tierra Santa y después /
_cJ. Alfonso Lockward.
260 _aMiami, Florida :
_bCaribe,
_c1983.
300 _a130 p. ;
_c18 cm.
590 _aInventariado, 2018/LP
650 0 _aPoesía dominicana
_966
650 4 _aPoesía religiosa dominicana
_924595
650 0 _aLiteratura dominicana.
_967
910 _aValidado. Control de calidad EMS.
999 _c10248
_d10248